[Event "Baku Open 2018"]
[Site "Baku"]
[Date "2018.12.01"]
[Round "8"]
[White "Mgeladze, Tamaz"]
[Black "Bashirli, Nail"]
[Result "1-0"]
[WhiteElo "2395"]
[BlackElo "2331"]
[Annotator "NA"]
[PlyCount "88"]
[EventDate "2018.11.24"]
[EventType "swiss"]
[EventCountry "AZE"]
[SourceTitle "playchess.com"]
[Source "ChessBase"]
[SourceQuality "1"]
[TimeControl "40/5400+30:1800+30"]

1. c4 {[%emt 0:00:00]} Nf6 {[%emt 0:03:33]} 2. g3 {[%emt 0:00:37]} e5 {[%emt 0:00:24]} 3. Nc3 {[%emt 0:00:34]} c6 {[%emt 0:00:16]} 4. Nf3 {[%emt 0:01:05]} e4 {[%emt 0:00:29]} 5. Nd4 $1 {[%emt 0:00:10]} d5 {[%emt 0:00:19]} 6. cxd5 {[%emt 0:02:20]} Qb6 {[%emt 0:00:51]} 7. Nb3 {[%emt 0:00:42]} cxd5 {[%emt 0:00:04]} 8. Bg2 {[%emt 0:00:32] LiveBook: 17 Games} a5 {[%emt 0:01:03] A23: English Opening: 1...e5 2 Nc3 Nf6 3 g3 c6} (8... h5 9. d3 Bb4 10. Be3 Bxc3+ 11. bxc3 Qc6 12. Rc1 h4 13. gxh4 Rxh4 14. c4 Be6 15. cxd5 Qxd5 16. dxe4 Qxd1+ 17. Rxd1 {½-½ (49) Belozerov,A (2511)-Jumabayev,R (2548) Tomsk 2013}) 9. d3 {[%emt 0:02:12]} a4 {[%emt 0:02:55]} 10. Be3 {[%emt 0:02:08]} Qd8 $146 {[%emt 0:11:29]} ({Predecessor:} 10... Qb4 11. Nd4 a3 12. Rb1 axb2 13. Qd2 Qa5 14. Nb3 Qd8 15. dxe4 dxe4 16. Rxb2 {1-0 (24) Koestner,W (2210)-Akrill,R (1901) ICCF email 2015}) 11. Nd4 {[%emt 0:03:05]} Bb4 {[%emt 0:02:25]} 12. O-O {[%emt 0:06:46]} Bxc3 {[%emt 0:03:21]} 13. bxc3 {[%emt 0:00:06]} O-O {[%emt 0:00:49]} 14. Rb1 {[%emt 0:06:27]} Nc6 {[%emt 0:10:01]} 15. c4 {[%emt 0:15:57]} Re8 {[%emt 0:18:39]} 16. a3 {[%emt 0:12:55]} Qe7 {[%emt 0:09:26]} 17. Nxc6 {[%emt 0:12:51]} bxc6 {[%emt 0:00:36]} 18. c5 {[%emt 0:03:49]} Ba6 {[%emt 0:03:29]} 19. d4 {[%emt 0:05:56]} Reb8 {[%emt 0:11:18]} 20. Rxb8+ {[%emt 0:05:16]} Rxb8 {[%emt 0:00:13]} 21. Qxa4 {[%emt 0:00:01]} Bxe2 {[%emt 0:00:40]} 22. Re1 {[%emt 0:00:02]} Bb5 {[%emt 0:00:20]} 23. Qa5 {[%emt 0:01:03]} Qb7 {[%emt 0:03:45]} 24. a4 {[%emt 0:01:21]} Bd3 {[%emt 0:00:48]} 25. Bf4 $11 {[%emt 0:02:52]} Qb4 {[%emt 0:03:16]} 26. Qxb4 {[%emt 0:01:12]} Rxb4 {[%emt 0:00:37]} 27. Ra1 {[%emt 0:00:01]} Rb7 {[%emt 0:06:40]} 28. a5 {[%emt 0:00:02]} Ba6 {[%emt 0:01:39]} 29. Bf1 {[%emt 0:03:57]} Ra7 {[%emt 0:00:11]} 30. Rb1 {[%emt 0:02:28]} h6 {[%emt 0:02:07]} 31. Bxa6 {[%emt 0:01:13]} Rxa6 {[%emt 0:00:00]} 32. Bd2 {[%emt 0:00:01]} Kf8 {[%emt 0:03:21]} 33. Rb6 {[%emt 0:00:11]} Ra7 {[%emt 0:00:07]} 34. Rxc6 {[%emt 0:00:20]} Ke7 {[%emt 0:00:11]} 35. Rd6 {[%emt 0:02:02]} e3 {[%emt 0:00:32]} 36. Bxe3 {[%emt 0:01:27]} Rxa5 {[%emt 0:00:02]} 37. h3 {[%emt 0:01:01]} Ra2 {[%emt 0:00:30]} 38. Kg2 {[%emt 0:00:16]} Rc2 {[%emt 0:00:01]} 39. Kf3 {[%emt 0:00:40]} Ra2 {[%emt 0:02:06]} 40. g4 {[%emt 0:00:00]} Ra3 {[%emt 0:00:00]} 41. Kf4 {[%emt 0:04:39]} Ra4 {[%emt 0:02:52]} 42. h4 {[%emt 0:02:21]} g6 {[%emt 0:05:04]} 43. g5 {[%emt 0:03:35]} hxg5+ {[%emt 0:05:17]} 44. hxg5 {[%emt 0:00:04]} Nd7 {[%emt 0:00:21] Ke4} 1-0

[Event "Baku Open 2018"]
[Site "Baku"]
[Date "2018.12.01"]
[Round "8"]
[White "Guliev, Sarhan"]
[Black "Suleymanli, Aydin"]
[Result "1-0"]
[WhiteElo "2354"]
[BlackElo "2313"]
[Annotator "NA"]
[PlyCount "85"]
[EventDate "2018.11.24"]
[EventType "swiss"]
[EventCountry "AZE"]
[SourceTitle "playchess.com"]
[Source "ChessBase"]
[SourceQuality "1"]
[TimeControl "40/5400+30:1800+30"]

1. d4 {[%emt 0:00:00]} Nf6 {[%emt 0:00:14]} 2. c4 {[%emt 0:00:04]} c5 {[%emt 0:00:14]} 3. d5 {[%emt 0:00:30]} e6 {[%emt 0:00:11]} 4. Nc3 {[%emt 0:00:10]} exd5 {[%emt 0:00:13]} 5. cxd5 {[%emt 0:00:02]} d6 {[%emt 0:00:06]} 6. e4 {[%emt 0:03:07]} g6 {[%emt 0:00:24]} 7. Nf3 {[%emt 0:02:51]} Bg7 {[%emt 0:00:51]} 8. Be2 {[%emt 0:00:03]} O-O {[%emt 0:00:10]} 9. Nd2 {[%emt 0:00:24]} Re8 {[%emt 0:00:46]} 10. O-O {[%emt 0:00:06] LiveBook: 935 Games} Nbd7 {[%emt 0:00:05]} 11. f4 {[%emt 0:06:56] A77: Modern Benoni: Classical: 9...Re8 10 Nd2: 10...a6 and 10...Nbd7} Nb6 {[%emt 0:00:34]} 12. a4 {[%emt 0:00:44]} a5 {[%emt 0:00:08]} 13. Bb5 $146 {[%emt 0:04:51]} ({Predecessor:} 13. h3 h5 14. Qe1 Bd7 15. Qg3 Nfxd5 16. exd5 Bxc3 17. bxc3 Rxe2 18. f5 h4 {0-1 (27) Tregubov,P (2598)-Akopian,V (2675) Aix les Bains 2011}) 13... Bd7 {[%emt 0:05:04]} 14. Bxd7 {[%emt 0:04:38]} Nfxd7 {[%emt 0:01:05]} 15. Nb5 {[%emt 0:03:50]} Nb8 {[%emt 0:08:19]} 16. Ra3 {[%emt 0:02:36]} Na6 {[%emt 0:04:33]} 17. Raf3 {[%emt 0:06:08]} c4 {[%emt 0:00:57]} 18. b3 {[%emt 0:14:52]} Rc8 {[%emt 0:16:40]} (18... cxb3 $11 19. Ba3 Nxa4 20. Nxd6 {[%mdl 64] Double Attack} Nc3 21. Qxb3 {[%mdl 64] Double Attack} a4) 19. bxc4 $16 {[%emt 0:08:12]} Nxc4 {[%emt 0:29:51]} 20. Nxc4 {[%emt 0:02:25]} Rxc4 {[%emt 0:00:09]} 21. e5 {[%emt 0:00:45]} dxe5 {[%emt 0:00:18]} 22. fxe5 {[%emt 0:00:06]} Rxe5 {[%emt 0:08:19]} 23. Rxf7 {[%emt 0:03:24]} Qxd5 {[%emt 0:13:18]} 24. Bb2 {[%emt 0:01:21]} Rc5 {[%emt 0:05:57]} 25. Bxe5 {[%emt 0:05:50]} Bxe5 {[%emt 0:00:13]} 26. Rxb7 {[%emt 0:03:41]} Qxd1 {[%emt 0:00:33]} 27. Rxd1 {[%emt 0:00:02]} Rc8 {[%emt 0:00:10]} 28. Ra7 {[%emt 0:01:41]} Nc5 {[%emt 0:01:27]} 29. Rxa5 {[%emt 0:00:06]} Rf8 {[%emt 0:01:29]} 30. Ra7 {[%emt 0:00:56]} Bf4 {[%emt 0:00:11]} 31. g3 {[%emt 0:01:52]} Be3+ {[%emt 0:00:41]} 32. Kg2 {[%emt 0:00:31]} Rf2+ {[%emt 0:00:25]} 33. Kh1 {[%emt 0:00:18]} Rf8 {[%emt 0:00:09]} 34. Re7 {[%emt 0:00:37]} Bh6 {[%emt 0:00:50]} 35. a5 {[%emt 0:00:25]} Ra8 {[%emt 0:00:23]} 36. Nc7 {[%emt 0:05:21]} Rxa5 {[%emt 0:00:25]} 37. Rd8+ {[%emt 0:00:14]} Bf8 {[%emt 0:00:12]} 38. Ree8 {[%emt 0:01:13]} Ra1+ {[%emt 0:00:07]} 39. Kg2 {[%emt 0:00:02]} Ra2+ {[%emt 0:00:07]} 40. Kf3 {[%emt 0:00:00]} Ra3+ {[%emt 0:00:00]} 41. Kg4 {[%emt 0:01:55]} h5+ {[%emt 0:00:58]} 42. Kg5 {[%emt 0:00:20]} Kh7 {[%emt 0:00:58]} 43. Rxf8 {[%emt 0:00:26]} 1-0

[Event "Baku Open 2018"]
[Site "Baku"]
[Date "2018.12.01"]
[Round "8"]
[White "Davidov, Samir"]
[Black "Sevdimaliyev, Urfan"]
[Result "1-0"]
[WhiteElo "2314"]
[BlackElo "2386"]
[Annotator "NA"]
[PlyCount "81"]
[EventDate "2018.11.24"]
[EventType "swiss"]
[EventCountry "AZE"]
[SourceTitle "playchess.com"]
[Source "ChessBase"]
[SourceQuality "1"]
[TimeControl "40/5400+30:1800+30"]

1. e4 {[%emt 0:00:00]} e6 {[%emt 0:00:00]} 2. d3 {[%emt 0:00:00]} d5 {[%emt 0:00:01]} 3. Nd2 {[%emt 0:00:00]} c5 {[%emt 0:00:14]} 4. Be2 {[%emt 0:00:03] C00: French: Unusual White 2nd moves} (4. Ngf3 Nc6 5. g3 Nf6 6. Bg2 Be7 7. O-O b6 8. Qe2 Qc7 9. Re1 Bb7 10. e5 Nd7 11. c4 d4 12. h4 h6 13. h5 a5 14. Ne4 Ncxe5 15. Nxe5 Nxe5 16. Bf4 O-O 17. Nd2 Bxg2 18. Bxe5 Qc6 19. f3 {0-1 (45) Liang,A (2572)-Le,Q (2737) chess.com INT 2018}) 4... Nc6 {[%emt 0:00:50]} 5. c3 {[%emt 0:00:18]} Bd6 {[%emt 0:03:57]} 6. Ngf3 {[%emt 0:00:29]} Nf6 {[%emt 0:05:32] LiveBook: 12 Games} 7. Qc2 {[%emt 0:00:59]} Qc7 {[%emt 0:01:14]} 8. h3 {[%emt 0:00:16]} O-O $146 {[%emt 0:03:58]} ({Predecessor:} 8... b6 9. g4 Bd7 10. Nf1 {½-½ (10) Nahnsen,K (2004)-Brinckmann,D (1870) Kiel 2018}) 9. g4 {[%emt 0:04:26]} (9. O-O $15) 9... b5 {[%emt 0:03:53]} 10. a4 {[%emt 0:03:16]} b4 {[%emt 0:02:50]} 11. c4 {[%emt 0:02:34]} dxe4 {[%emt 0:02:54]} 12. dxe4 {[%emt 0:00:12]} b3 {[%emt 0:10:06]} 13. Qxb3 {[%emt 0:02:47]} Nb4 {[%emt 0:03:17]} 14. Bd3 {[%emt 0:07:29]} Rd8 {[%emt 0:06:36]} 15. Bb1 {[%emt 0:00:12]} Bf4 {[%emt 0:06:16]} 16. Qc3 {[%emt 0:13:24]} Bb7 {[%emt 0:06:17]} 17. O-O {[%emt 0:00:17]} e5 {[%emt 0:06:47]} 18. Re1 {[%emt 0:01:14]} h5 {[%emt 0:10:27]} 19. g5 {[%emt 0:01:42]} Nh7 {[%emt 0:00:47]} 20. Nb3 {[%emt 0:04:28]} Bxc1 {[%emt 0:02:45]} 21. Nxc1 {[%emt 0:00:26]} f6 {[%emt 0:02:50]} 22. gxf6 {[%emt 0:03:38]} gxf6 {[%emt 0:00:17]} 23. Kh2 {[%emt 0:01:49]} Qd7 {[%emt 0:02:16]} 24. Qe3 {[%emt 0:00:15]} Bc8 {[%emt 0:01:41]} 25. Rg1+ {[%emt 0:01:24]} Kh8 {[%emt 0:00:10]} 26. Nh4 {[%emt 0:02:23]} Ng5 {[%emt 0:01:17]} 27. Ra3 {[%emt 0:00:38]} Qd2 {[%emt 0:07:06]} 28. Ng6+ {[%emt 0:17:04]} Kh7 {[%emt 0:00:07]} 29. Nxe5 {[%emt 0:00:59]} Nxh3 {[%emt 0:05:26]} 30. Nf7 {[%emt 0:02:47]} Nxg1 $11 {[%emt 0:01:32]} 31. e5+ {[%emt 0:01:07]} Kg8 {[%emt 0:01:57]} 32. Nxd8 {[%emt 0:00:17]} Qxe3 {[%emt 0:00:42]} 33. Rxe3 {[%emt 0:00:10]} Bg4 {[%emt 0:00:41]} 34. e6 {[%emt 0:05:58]} Rxd8 {[%emt 0:00:49]} 35. e7 {[%emt 0:00:09]} Nf3+ {[%emt 0:01:19]} 36. Kg3 {[%emt 0:00:37]} Re8 {[%emt 0:00:34]} 37. Bg6 {[%emt 0:00:18]} Rxe7 {[%emt 0:00:25]} 38. Rxe7 {[%emt 0:00:05]} Ne5 {[%emt 0:00:16]} 39. Be4 {[%emt 0:00:34]} Nxc4 {[%emt 0:00:44]} 40. f3 {[%emt 0:00:00]} Kf8 {[%emt 0:00:00]} 41. Rxa7 {[%emt 0:00:35]} 1-0

[Event "Baku Open 2018"]
[Site "Baku"]
[Date "2018.12.01"]
[Round "8"]
[White "Gasimov, Parviz"]
[Black "Gareyev, Timur"]
[Result "1/2-1/2"]
[WhiteElo "2303"]
[BlackElo "2584"]
[Annotator "TA"]
[PlyCount "91"]
[EventDate "2018.11.24"]
[EventType "swiss"]
[EventCountry "AZE"]
[SourceTitle "playchess.com"]
[Source "ChessBase"]
[SourceQuality "1"]

{[%evp 21,91,22,49,43,83,51,52,48,54,47,31,43,53,39,69,66,70,20,40,0,0,-31,0,0,0,-2,145,0,0,0,0,0,0,0,0,0,-2,0,58,52,138,133,129,130,141,110,168,29,35,30,22,18,20,10,10,10,165,127,158,163,139,4,3,7,8,8,8,0,4,0,6,0]} 1. e4 e5 2. Nf3 Nc6 3. Bb5 a6 4. Ba4 Nf6 5. d3 d6 6. c3 g6 7. O-O Bg7 8. Re1 O-O 9. Nbd2 b5 10. Bc2 {C77: Ruy Lopez: 3...a6 4 Ba4 Nf6, unusual lines} Bb7 11. a4 Nd7 {LiveBook: 4 Games} 12. b4 {White is slightly better.} f5 $146 ({Predecessor:} 12... Nb6 13. a5 Nd7 14. Bb3 Ne7 15. Nf1 c5 16. Bg5 Kh8 17. Ne3 f6 {½-½ (40) Yu,Y (2724)-Wagner,D (2501) Caleta 2015}) 13. Nb3 Kh8 14. d4 bxa4 15. Rxa4 fxe4 16. Bxe4 Nb6 {[%cal Bd7b6,Bb6c4,Bc4e3,Be3d1][%mdl 32]} 17. Ra2 {Hoping for dxe5.} d5 18. Bb1 {[%cal Rd4e5]} e4 $1 {[%cal Re4f3]} 19. Nfd2 Na7 20. f3 (20. Na5 $14 Bc8 21. Qe2) 20... Nb5 $15 21. Bb2 $1 Nc4 22. Ba1 $1 {And now Nxc4 would win.} Qh4 23. fxe4 {Threatens to win with Nxc4.} Qf2+ 24. Kh1 {Strongly threatening Nxc4.} Ne3 {[%csl Ge3][%cal Rf2g2][%mdl 64] Double Attack} 25. Qe2 $1 {[%cal Re2e3]} Qxe2 26. Rxe2 Nd1 27. Rc2 dxe4 28. Rc1 $1 {[%cal Rc1d1]} Nf2+ 29. Kg1 $1 Bh6 (29... Nd3 $11) 30. c4 $14 (30. Rxf2 Be3 $17) 30... e3 (30... Nd6 $14) 31. d5+ $16 (31. cxb5 $6 exd2 32. d5+ (32. Nxd2 axb5 33. Bb2 Bd5 $11) 32... Kg8 $11) 31... Kg8 32. Nf1 {[%cal Bd2f1,Bf1e3,Be3d5,Bd5f6][%mdl 32]} (32. cxb5 $6 exd2 33. Nxd2 axb5 $11) 32... Na3 33. Bd4 Nxc4 (33... Nxb1 $16 {might work better.} 34. Rxb1 (34. Nxe3 Nd3 $14) 34... Nd3) 34. Nc5 (34. Rxc4 $18 Bxd5 35. Rc3 (35. Rxc7 Bxb3 36. Rc3 Be6 $14)) 34... Bxd5 $11 35. Nd7 $1 {[%cal Rd7f8]} Nd2 36. Nxe3 {[#]} (36. Nxf8 Nh3+ 37. Kh1 Nf4 $17) 36... Nh3+ $1 {[%mdl 512]} 37. Kh1 (37. gxh3 Nf3+) 37... Nb3 $1 {[%cal Rb3d4][%mdl 64] Double Attack} 38. Nxd5 Nxc1 $2 (38... Nxd4 $11 {and Black has nothing to worry.} 39. Re7 (39. N7f6+ Rxf6 40. Nxf6+ Kf7 $11) 39... Bxc1 40. N7f6+ Rxf6 $1 {[%mdl 512]} 41. Nxf6+ Kf8 42. Rxh7 Ng5 43. Nd7+ Kg8 44. Nf6+ {[%mdl 64] Discovered Attack} Kf8 45. Nd7+ Kg8 46. Nf6+ {[%mdl 64] Discovered Attack} Kf8) 39. N7f6+ (39. Ne7+ Kf7 $15) 39... Rxf6 40. Nxf6+ Kf7 {[#]} 41. Rc2 ({White should play} 41. Re1 $1 $16 Rd8 42. Ng4) 41... Rd8 $1 $132 {[%cal Rd8d4][%mdl 2048] The position is equal. Black is fighting back} 42. Rxc7+ Ke6 43. Rc6+ {[%mdl 64] Double Attack} ({Much worse is} 43. Nxh7 Nf2+ 44. Kg1 (44. Bxf2 $2 Rd1+ 45. Bg1 Ne2 $19 {[%mdl 64] Discovered Attack (Double check)}) 44... Ng4 $15) 43... Kf7 $1 {White must now prevent ...Nf2+!} 44. Rc7+ ({But not} 44. Nxh7 Nf4 $14) 44... Ke6 {...Nf2+ is the strong threat.} 45. Rc6+ {[%mdl 64] Double Attack} Kf7 $1 {aiming for ...Nf2+!} 46. Rc7+ {Accuracy: White = 51%, Black = 52%.} 1/2-1/2

[Event "Baku Open 2018"]
[Site "Baku"]
[Date "2018.12.01"]
[Round "8"]
[White "Bayramov, Vugar"]
[Black "Abasov, Nijat"]
[Result "0-1"]
[WhiteElo "2215"]
[BlackElo "2629"]
[Annotator "TA"]
[PlyCount "72"]
[EventDate "2018.11.24"]
[EventType "swiss"]
[EventCountry "AZE"]
[SourceTitle "playchess.com"]
[Source "ChessBase"]
[SourceQuality "1"]

{[%evp 23,72,-33,0,-12,0,6,0,-25,10,-14,-8,-17,-13,-17,-16,-24,-5,-23,-9,-36,-33,-36,-35,-31,-28,-25,-29,-34,-24,-36,0,-27,-2,-71,-35,-89,-44,-108,0,-73,-70,-150,-109,-452,-454,-413,-426,-598,-585,-577,-570]} 1. d4 Nf6 2. Nf3 e6 3. c4 b6 4. g3 Bb7 5. Bg2 Be7 6. Nc3 O-O 7. O-O Ne4 8. Qc2 Nxc3 9. Qxc3 c5 10. Rd1 d6 11. dxc5 {E19: Queen's Indian: Old Main Line with 7...Ne4 8 Qc2 Nxc3 8 Qxc3} (11. d5 exd5 12. cxd5 Bf6 13. Qc2 Nd7 14. Bf4 Qe7 15. e4 Rfe8 16. Re1 Ne5 17. Nxe5 Bxe5 18. Bxe5 Qxe5 19. f4 {½-½ (39) Mamedyarov,S (2747)-Ivanchuk,V (2710) Huaian 2016}) 11... bxc5 12. Bf4 Qb6 {LiveBook: 7 Games} 13. Bg5 {The position is equal.} Nc6 14. Bxe7 Nxe7 15. Ng5 $146 ({Predecessor:} 15. Qd3 Rfd8 16. Ng5 Ng6 17. Bxb7 Qxb7 18. Rd2 d5 19. cxd5 Rxd5 {½-½ (104) Kalashian,D (2399)-Vavulin,M (2583) Batumi 2018}) 15... h6 (15... Bxg2 {looks sharper.} 16. Kxg2 h6 17. Nf3 Rfd8 18. Rd2 a5) 16. Bxb7 (16. Ne4 {seems wilder.} Rfd8 17. b3 Rab8 18. Qd2 d5 19. cxd5 Bxd5 20. Qf4) 16... Qxb7 17. Nf3 Rfd8 18. Rd2 a5 19. Rad1 Qb6 20. Qe3 a4 21. Qf4 {[%cal Rd2d6]} Ng6 22. Qe4 {White wants to play Rxd6!} Rab8 23. h4 {[%cal Bh2h4,Bh4h5][%mdl 32]} Qc7 24. h5 Nf8 25. Qf4 Rb6 26. g4 f6 27. Ne1 Qf7 28. a3 (28. Ng2 $11 {remains equal.}) 28... Qb7 29. Nd3 ({Better is} 29. Qf3 $15) 29... Re8 30. f3 (30. Ne1 $15) 30... Nh7 (30... e5 $17 31. Qe4 Qxe4 32. fxe4 Ne6) 31. Qe3 (31. Nxc5 $11 dxc5 32. Rd7) 31... Rb3 $17 32. Kg2 (32. Qf4 $15 e5 33. Qf5) 32... Ng5 {[#] ...e5 is the strong threat.} 33. Qf4 $2 {[%mdl 8192]} (33. Qf2 $17) 33... e5 $19 34. Qf5 {Black must now prevent Nxc5!} e4 35. Nxc5 (35. fxe4 $142 Nxe4 36. Kh2) 35... exf3+ 36. exf3 dxc5 {Accuracy: White = 30%, Black = 41%.} 0-1

[Event "Baku Open 2018"]
[Site "Baku"]
[Date "2018.12.01"]
[Round "8"]
[White "Gasanov, Zaur"]
[Black "Aliyev, Ravan"]
[Result "0-1"]
[WhiteElo "2195"]
[BlackElo "2351"]
[Annotator "NA"]
[PlyCount "146"]
[EventDate "2018.11.24"]
[EventType "swiss"]
[EventCountry "AZE"]
[SourceTitle "playchess.com"]
[Source "ChessBase"]
[SourceQuality "1"]
[TimeControl "40/5400+30:1800+30"]

1. e4 {[%emt 0:00:00]} e6 {[%emt 0:01:55]} 2. d4 {[%emt 0:00:00]} d5 {[%emt 0:00:04]} 3. Nd2 {[%emt 0:00:13]} c5 {[%emt 0:00:42]} 4. exd5 {[%emt 0:01:19]} exd5 {[%emt 0:00:11]} 5. Bb5+ {[%emt 0:00:08]} Nc6 {[%emt 0:00:12]} 6. Ngf3 {[%emt 0:00:25]} Bd6 {[%emt 0:04:38]} 7. dxc5 {[%emt 0:02:48]} Qe7+ {[%emt 0:10:13] LiveBook: 7 Games} 8. Be2 {[%emt 0:00:52]} Bxc5 {[%emt 0:00:02]} 9. Nb3 {[%emt 0:01:09]} Bb6 {[%emt 0:01:05]} 10. O-O {[%emt 0:01:24]} Nf6 {[%emt 0:00:52]} 11. a4 {[%emt 0:11:11]} a6 {[%emt 0:06:54]} 12. Bd3 {[%emt 0:08:01]} O-O {[%emt 0:03:57]} 13. Re1 {[%emt 0:01:28]} Qd8 {[%emt 0:08:25]} 14. Be3 {[%emt 0:07:07]} Bc7 {[%emt 0:02:52]} 15. h3 $11 {[%emt 0:07:13]} h6 {[%emt 0:10:35]} 16. Nbd4 {[%emt 0:18:00]} Re8 {[%emt 0:02:46]} 17. c3 {[%emt 0:08:45]} Ne4 {[%emt 0:06:44]} 18. Qc2 {[%emt 0:08:35]} Qd6 {[%emt 0:08:27]} 19. Rad1 {[%emt 0:11:19]} Qg6 {[%emt 0:09:06]} 20. Kf1 {[%emt 0:01:01]} Qh5 {[%emt 0:01:58]} 21. Ng1 {[%emt 0:01:56]} Bd7 {[%emt 0:04:15]} 22. Nxc6 {[%emt 0:05:19]} bxc6 {[%emt 0:02:01]} 23. Bxe4 Rxe4 {[%emt 0:00:03]} 24. Rd4 {[%emt 0:02:12]} Bf5 {[%emt 0:02:37]} 25. Qd1 {[%emt 0:01:20]} Qg6 {[%emt 0:06:05]} 26. Nf3 {[%emt 0:00:23]} Qf6 {[%emt 0:00:37]} 27. Rxe4 {[%emt 0:00:32]} Bxe4 {[%emt 0:00:01]} 28. Nd2 {[%emt 0:00:30]} Bd3+ {[%emt 0:01:47]} 29. Kg1 {[%emt 0:00:06]} Rb8 {[%emt 0:01:01]} 30. Nf1 {[%emt 0:01:06]} Be4 {[%emt 0:03:31]} 31. f3 {[%emt 0:00:30]} Bf5 {[%emt 0:00:10]} 32. Qd2 {[%emt 0:00:35]} Qg6 {[%emt 0:01:05]} 33. Kf2 {[%emt 0:00:30]} Bc2 {[%emt 0:00:20]} 34. b4 {[%emt 0:00:16]} Bxa4 {[%emt 0:00:19]} 35. Bf4 {[%emt 0:00:39]} Bb6+ {[%emt 0:00:50]} 36. Be3 {[%emt 0:00:03]} Bc7 {[%emt 0:01:01]} 37. Bf4 {[%emt 0:00:14]} Bb6+ {[%emt 0:00:21]} 38. Be3 {[%emt 0:00:17]} Qc2 {[%emt 0:00:41]} 39. Qxc2 {[%emt 0:00:16]} Bxc2 {[%emt 0:00:02]} 40. Bxb6 {[%emt 0:00:00]} Rxb6 {[%emt 0:00:00]} 41. Re8+ {[%emt 0:01:26]} Kh7 {[%emt 0:01:37]} 42. Ke3 {[%emt 0:01:16]} a5 {[%emt 0:03:09]} 43. bxa5 {[%emt 0:01:15]} Ra6 {[%emt 0:00:07]} 44. Re7 {[%emt 0:06:10]} Kg6 {[%emt 0:03:15]} 45. Rc7 {[%emt 0:00:28]} Ba4 {[%emt 0:00:11]} 46. Ng3 {[%emt 0:01:01]} Rxa5 {[%emt 0:01:21]} 47. Ne2 {[%emt 0:02:03]} Kf6 {[%emt 0:00:49]} 48. Nf4 {[%emt 0:01:49]} g6 {[%emt 0:13:24]} 49. Nd3 {[%emt 0:01:13]} Bb5 {[%emt 0:06:33]} 50. Nb4 {[%emt 0:06:07]} Ra3 {[%emt 0:00:21]} 51. Kd4 {[%emt 0:06:43]} Ke6 {[%emt 0:01:11]} 52. Nxc6 {[%emt 0:02:30]} Kd6 {[%emt 0:00:08]} 53. Rxf7 {[%emt 0:00:06]} Bxc6 {[%emt 0:00:24]} 54. Rf6+ {[%emt 0:00:07]} Kc7 {[%emt 0:00:18]} 55. Rxg6 {[%emt 0:00:08]} h5 {[%emt 0:02:53]} 56. Rg5 {[%emt 0:01:52]} h4 {[%emt 0:01:49]} 57. Rg4 {[%emt 0:05:18]} Kb6 {[%emt 0:01:56]} 58. Kd3 {[%emt 0:01:11]} Bb5+ {[%emt 0:00:35]} 59. Kc2 {[%emt 0:00:33]} Bc4 {[%emt 0:00:27]} 60. Rxh4 {[%emt 0:00:27]} Ra2+ {[%emt 0:00:01]} 61. Kb1 {[%emt 0:00:31]} Rxg2 {[%emt 0:00:04]} 62. Rf4 {[%emt 0:00:25]} Kb5 {[%emt 0:00:07]} 63. Rf8 {[%emt 0:00:19]} Rh2 {[%emt 0:00:50]} 64. Rh8 {[%emt 0:00:33]} Ka4 {[%emt 0:00:11]} 65. Rb8 {[%emt 0:00:09]} Rxh3 {[%emt 0:00:10]} 66. Kb2 {[%emt 0:00:43]} Rxf3 {[%emt 0:00:10]} 67. Ra8+ {[%emt 0:00:03]} Kb5 {[%emt 0:00:04]} 68. Rb8+ {[%emt 0:00:06]} Kc6 {[%emt 0:00:06]} 69. Rh8 {[%emt 0:00:08]} Rf2+ {[%emt 0:00:16]} 70. Ka3 {[%emt 0:00:36]} Ra2+ {[%emt 0:00:25]} 71. Kb4 {[%emt 0:00:05]} Rb2+ {[%emt 0:00:05]} 72. Ka4 {[%emt 0:00:06]} Rb3 {[%emt 0:00:55]} 73. Rh3 {[%emt 0:00:15]} Kc5 {[%emt 0:00:05]} 0-1

[Event "Baku Open 2018"]
[Site "Baku"]
[Date "2018.12.02"]
[Round "9"]
[White "Guseinov, Gadir"]
[Black "Asadli, Vugar"]
[Result "1/2-1/2"]
[WhiteElo "2664"]
[BlackElo "2471"]
[Annotator "TA"]
[PlyCount "106"]
[EventDate "2018.11.24"]
[EventType "swiss"]
[EventCountry "AZE"]
[SourceTitle "playchess.com"]
[Source "ChessBase"]
[SourceQuality "1"]

{[%evp 31,106,-7,0,0,16,8,19,19,25,21,20,20,25,26,27,22,17,20,17,22,22,22,19,15,21,16,23,5,13,13,2,0,0,0,3,7,7,0,12,13,12,18,39,39,39,46,36,17,9,0,0,0,0,0,440,0,74,0,0,0,0,0,0,8,8,8,667,0,0,0,0,0,0,0,0,0,0]} 1. e4 e6 2. d4 d5 3. Nd2 c5 4. Ngf3 cxd4 5. exd5 Qxd5 6. Bc4 Qd6 7. O-O Nf6 8. Nb3 Nc6 9. Nbxd4 Nxd4 10. Nxd4 a6 11. Re1 Qc7 12. Bf1 {C07: French Tarrasch: 3...c5, 4 Ngf3 and 4 exd5 Qxd5} Bd6 (12... Be7 13. Qf3 O-O 14. Bf4 Bd6 15. Bxd6 Qxd6 16. Rad1 Qc7 17. c4 Rb8 18. Qg3 Qxg3 19. hxg3 Bd7 {½-½ (61) Karjakin,S (2773)-Duda,J (2737) chess.com INT 2018}) 13. Nf5 Bxh2+ 14. Kh1 Kf8 15. Qd4 exf5 16. Qxf6 h6 {LiveBook: 10 Games} 17. Qd4 {aiming for g3.} Bd6 $1 18. Bc4 Be6 19. Bxe6 Re8 {[%mdl 64] Pin} 20. Qd5 $146 Qe7 {[%mdl 64] Pin} 21. Qxf5 Qh4+ 22. Kg1 {[%csl Ge6][%cal Rf5f7,Bh1g1,Bg1f1,Bf1e2][%mdl 32]} Qh2+ 23. Kf1 {[%csl Ge6][%cal Rf5f7]} Qh1+ 24. Ke2 {[%csl Ge6][%cal Rf5f7]} Rxe6+ 25. Qxe6 Qxe1+ $1 26. Kxe1 fxe6 $11 {[%mdl 4096] Endgame KRB-KRB} 27. Be3 Ke7 28. c4 Rc8 29. b3 Bc5 30. Bd2 Bd4 31. Rd1 e5 32. Ke2 h5 33. f3 Ke6 34. a4 {[%cal Ba2a4,Ba4a5][%mdl 32]} Kf5 35. Be3 Bxe3 36. Kxe3 {KR-KR} b5 37. cxb5 axb5 38. a5 Rc3+ 39. Rd3 Rc2 $1 40. g4+ hxg4 41. fxg4+ Kxg4 42. Ke4 g5 $2 {[%mdl 8192] [#]} (42... b4 $1 $11) 43. Kxe5 $2 (43. b4 $1 $18 Kh4 44. Rd1 (44. Kxe5 g4 $11)) 43... Kh4 {[#]} (43... b4 $11) 44. Rd1 (44. Rd8 $1 $16) 44... Rb2 $1 45. Rd4+ g4 46. b4 Kg5 47. Kd6 {Threatens to win with Kc6.} Rc2 $1 48. Rd5+ Kf6 $2 {[%mdl 8192]} (48... Kf4 $11) 49. Rxb5 $2 (49. Rd3 $18) 49... g3 {The position is equal.} 50. Rb8 $1 {[%cal Rb8g8]} Kf7 51. Rb7+ Kf6 52. Rb8 Kf7 53. Rb7+ Kf6 {Accuracy: White = 72%, Black = 62%.} 1/2-1/2